00582nam a2200193 a 450000100060000000300080000600500170001400800410003103500190007204000330009104100080012408200240013210000380015624500650019426000620025930000370032150000190035865000110037772995BD-RjUL20211209082333.0170527r19641950nyua 001 0 eng d a(BD-RjUL)73213 aDLCcCarPdDLCdBD-RjULbeng aeng 223a579.5bBEM 19641 aBessey, Ernst Athearnd1877-1957.10aMorphology and taxonomy of fungi /cby Ernst Athearn Bessey. aNew York :bHafner Pub. Co.,cc1950 [printing 1961,1964 ] axiii, 791 p. :billus. ;c24 cm. aIncludes index 0aFungi.